000 02839nam0a2200445 4500
001 RU\NLR\BIBL_A\011253528
005 20250626033730.0
020 _aRU
_9От Февраля к Октябрю: коллекция листовок/Рос. нац. б-ка
035 _a(NLR Aleph) 011253528
090 _a12180186
_c12180186
100 _a20161026d1917 |||y0rusy50 ca
101 0 _arus
102 _aRU
105 _ay z 000yy
135 _acrcn 024apada
200 1 _aК гражданам! Грозненским Гражданским Комитетом и Советом рабочих, солдатских и казачьих депутатов учреждена квартирная комиссия для урегулирования квартирных цен и отношений ...
_e[листовка]
210 _a[Грозный, Терская обл.
_cб. и.
_d1917, март, после 18]
215 _a[1] л.
_d23x17
300 _aПодпись: Комиссия
300 _aКоллекция листовок "От Февраля к Октябрю" (2 экз.)
316 _aКаждая листовка вклеена в отд. паспарту
_5NLR
325 1 _aКопия доступна в Электронной библиотеке РНБ
327 1 _aОб учреждении Квартирной комиссии при Грозненском гражданском комитете
517 1 _aГрозненским Гражданским Комитетом и Советом рабочих, солдатских и казачьих депутатов учреждена квартирная комиссия для урегулирования квартирных цен и отношений ...
540 1 _aОб учреждении Квартирной комиссии при Грозненском гражданском комитете
540 1 _aОт Февраля к Октябрю
_eлистовки
607 _aРоссия
_jЛистовки
_xИстория
_z1917
_92250871
_3RU\NLR\AUTH\661350120
686 0 _aТ3(2)524.2,011
686 0 _aТ3(2)711.19-2,011
711 0 2 _aГрозненский гражданский комитет
_9527411
_3RU\NLR\AUTH\880431533
711 0 2 _aГрозненский Совет рабочих, солдатских и казачьих депутатов
_9392196
_3RU\NLR\AUTH\880362573
711 0 2 _aКвартирная комиссия
_cГрозный
_9535272
_3RU\NLR\AUTH\880435458
852 0 0 _aNLR
_bФл
_jXII/4
942 _cBOOK
980 _aNB
981 4 2 _a(42) 1917: от Февраля к Октябрю
_b(42) Листовки 1917 года